Library Banner

Essential cognitive psychology (Record no. 56648)

MARC details
000 -LEADER
fixed length control field 00460nam a2200181Ia 4500
001 - CONTROL NUMBER
control field 59320
008 - FIXED-LENGTH DATA ELEMENTS--GENERAL INFORMATION
fixed length control field 140520s9999 xx 000 0 und d
020 ## - INTERNATIONAL STANDARD BOOK NUMBER
International Standard Book Number 9781848722477
040 ## - CATALOGING SOURCE
Transcribing agency PK-LaUMT
082 ## - DEWEY DECIMAL CLASSIFICATION NUMBER
Classification number 612.8233
Item number PAR-E
100 ## - MAIN ENTRY--PERSONAL NAME
Personal name Parkin, Alan J.
245 ## - TITLE STATEMENT
Title Essential cognitive psychology
Statement of responsibility, etc Parkin, Alan J.
260 ## - PUBLICATION, DISTRIBUTION, ETC. (IMPRINT)
Place of publication, distribution, etc London,UK:
Name of publisher, distributor, etc Psychology Press,
Date of publication, distribution, etc 2014
300 ## - PHYSICAL DESCRIPTION
Extent 343 p.
546 ## - LANGUAGE NOTE
Language note EN
650 ## - SUBJECT ADDED ENTRY--TOPICAL TERM
Topical term or geographic name as entry element Cognition-Psychology
942 ## - ADDED ENTRY ELEMENTS (KOHA)
Koha item type Books
Holdings
Withdrawn status Lost status Damaged status Not for loan Home library Current library Date acquired Total Checkouts Total Renewals Full call number Barcode Date last seen Date checked out Price effective from Koha item type
        UMT Main Campus UMT Main Campus 2014-05-20 2 1 612.8233 PAR-E 81433 2018-01-03 2017-05-26 2014-05-21 Books